00373nam a2200133Ia 4500008004100000020001500041041001200056082001600068100001500084245007200099260003900171300000800210650002100218221030s9999 xx 000 0 und d a8178082314 aEnglish a105.23bDat aC. J. Date 3aAn Introduction to Database systems ( DEPARTMENTAL )cby C. J. Date bPearson EducationaNew Delhic2002 a938 aCSE Departmental